000 01308nam a2200349Ia 4500
001 Z_6359
003 CHAP
005 20231016125315.0
008 220113s2012 xx 000 0 und d
010 _a169616
040 _cCHAP
090 _aTesis S26 2243
100 _aSantillán Gómez Emma Anayantzin
_9125658
245 _aAnálisis de variables reproductivas en ovejas de lana durante la época reproductiva con suplementación de selenio y glutamina /
_cSantillán Gómez, Emma Anayantzin
260 _aMéxico :
_b El autor,
_c2012
300 _a40 p.
502 _aTesis (Ingeniero Agrónomo Especialista en Zootecnia) --UACh, 2012 \ Dirección: Jaime Gallegos Sánchez ; asesoría: Carlos Sánchez del Real y Carlos G. Germán Alarcón
650 _aAminoácidos excitadores
_9144558
650 _aAntioxidantes
_96070
650 _aFlushing
_9144559
650 _aGanado ovino
_9139065
650 _aSincronización
_9106555
700 _a Germán Alarcón, Carlos G., asesor
_9138869
700 _a Sánchez del Real, Carlos, asesor
_9141474
700 _aGallegos Sánchez, Jaime, director
_9143068
856 4 2 _uhttp://10.13.5.2/tesis/sist108621.pdf
_yDescargar PDF
901 _aTESIS S26 2243
902 _aM
910 _a2012
942 _c2
_2ddc
942 _c2
_2ddc
999 _c169616
_d169616